000 00840nam a2200229 i 4500
003 IT-RoINE
005 20190207055620.0
008 000721s2000 sp | r o||| ||spa d
020 _a8495265117
040 _aSpMaBN
_cIT-RoINE
_dIT-RoINE
100 1 _aOjeda Eiseley, Jaime de
_918616
245 1 3 _aEl 98 en el Congreso y en la prensa de los Estados Unidos /
_cJaime de Ojeda Eiseley.
260 _aMadrid :
_bMinisterio de Asuntos Exteriores, Secretaría General Técnica,
_c1999 [i.e. 2000]
300 _a254 p. ;
_c25 cm.
336 _2rdacontent
_atext
337 _2rdamedia
_aunmediated
338 _2rdacarrier
_avolume
490 1 _aBiblioteca diplomática española.
_aEstudios ;
_v20
650 4 _916125
_aGuerra hispano-americana, 1898
830 0 _aBiblioteca Diplomática Española.
_pSección estudios
_99178
942 _cMTS
999 _c8999
_d8999